California County Trivia - Humboldt - Statistics

General Stats
  • This quiz has been taken 23 times
  • The average score is 10 of 15
Answer Stats
Hint Answer % Correct
Second Largest City Arcata
91%
What makes up its western border Pacific Ocean
86%
Trinity
86%
Trinity
86%
Bordering Counties Del Norte
82%
County Seat Eureka
82%
Mendocino
77%
Humboldt State University
68%
National Park Redwood National Park
68%
Largest Rivers Klamath
59%
Siskiyou
59%
Colleges College of the Redwoods
55%
Eel
55%
Mad
50%
Famous for what type of tree Coast Redwoods
18%
No matching quizzes found
Score Distribution
Percent of People with Each Score
Percentile by Number Answered
Your Score History
You have not taken this quiz